[Event "Moscow Chmp. b15 2016"]
[Site "ÐœÐ¾Ñ�ÐºÐ²Ð°"]
[Date "2016.11.17"]
[Round "6.26"]
[White "Ivanov, Ilya"]
[Black "Sakhin, Leonid"]
[Result "0-1"]
[WhiteElo "1628"]
[BlackElo "1563"]
[PlyCount "98"]
[EventDate "2016.11.12"]

1. d4 e6 2. c4 d5 3. Nc3 Nf6 4. Nf3 Nbd7 5. Bf4 c6 6. e3 Be7 7. Bd3 O-O 8. c5
b6 9. b4 a5 10. a3 Ba6 11. Bxa6 Rxa6 12. b5 cxb5 13. c6 Qc8 14. Nxb5 Qxc6 15.
a4 Bb4+ 16. Nd2 Ne4 17. Rc1 Qxc1 18. Qxc1 Bxd2+ 19. Qxd2 Nxd2 20. Kxd2 Raa8 21.
Bd6 Rfd8 22. Bc7 Rdc8 23. Rc1 g6 24. Nd6 Rf8 25. Rc6 Ra6 26. Nb5 Kg7 27. Bd6
Rd8 28. Be7 Rg8 29. Rc7 Nf6 30. Rb7 Raa8 31. Nd6 Ne4+ 32. Nxe4 dxe4 33. Rxb6
Rgb8 34. Rc6 Rc8 35. Rxc8 Rxc8 36. Bc5 Kf6 37. Bb6 Kf5 38. Bc5 e5 39. Kc3 Ke6
40. Kc4 exd4 41. exd4 f5 42. Kb5 Kd5 43. g3 g5 44. h3 f4 45. gxf4 gxf4 46. Kxa5
Rxc5+ 47. dxc5 Kxc5 48. Ka6 e3 49. fxe3 fxe3 0-1

[Event "Moscow Chmp. b15 2016"]
[Site "ÐœÐ¾Ñ�ÐºÐ²Ð°"]
[Date "2016.11.17"]
[Round "6.27"]
[White "Ivanov, Egor"]
[Black "Makhauri, Eli"]
[Result "0-1"]
[WhiteElo "1354"]
[BlackElo "1596"]
[PlyCount "72"]
[EventDate "2016.11.12"]

1. d4 g6 2. Nf3 Bg7 3. Bf4 d6 4. e3 Nd7 5. Bc4 h6 6. c3 Ngf6 7. Qb3 O-O 8. Nbd2
c6 9. h3 b5 10. Be2 Nb6 11. g4 Be6 12. Qc2 Nfd5 13. Bg3 Rc8 14. g5 h5 15. Nh4
c5 16. e4 cxd4 17. exd5 Bxd5 18. O-O dxc3 19. bxc3 Rxc3 20. Qd1 Qd7 21. Kh2 Be6
22. Rb1 a6 23. Ne4 Ra3 24. Re1 Rxa2 25. Bf1 Nc4 26. Bxc4 bxc4 27. Qc1 Rc8 28.
Nc3 Ra5 29. Ng2 Bxh3 30. Nf4 Bf5 31. Rb4 e6 32. Nd1 c3 33. Ne3 c2 34. Ne2 Ra1
35. Qd2 c1=Q 36. Nxc1 Bc3 0-1

[Event "Moscow Chmp. b15 2016"]
[Site "ÐœÐ¾Ñ�ÐºÐ²Ð°"]
[Date "2016.11.17"]
[Round "6.28"]
[White "Nikulshin, Alexey"]
[Black "Pavlov, Ivan"]
[Result "1-0"]
[WhiteElo "1348"]
[BlackElo "1393"]
[PlyCount "117"]
[EventDate "2016.11.12"]

1. e4 e6 2. d4 d5 3. exd5 exd5 4. Bd3 Bd6 5. Nf3 Nf6 6. O-O O-O 7. Bg5 h6 8.
Bh4 Bg4 9. h3 Bh5 10. Nbd2 Nbd7 11. c3 c6 12. Qc2 Bxf3 13. Nxf3 Qc7 14. Bxf6
Nxf6 15. Rfe1 Rfe8 16. b3 b6 17. c4 Bb4 18. Rxe8+ Rxe8 19. a3 Bd6 20. c5 bxc5
21. dxc5 Be5 22. Re1 Bh2+ 23. Kh1 Rxe1+ 24. Nxe1 Be5 25. Nf3 Qb8 26. b4 Qc7 27.
Qe2 Bf4 28. g3 Bg5 29. Nxg5 hxg5 30. Qe3 Qd7 31. g4 Qe6 32. Qxe6 fxe6 33. Ba6
Nd7 34. Bc8 Ne5 35. Bxe6+ Kf8 36. Bf5 d4 37. Kg2 g6 38. Bb1 Kg7 39. Be4 d3 40.
Kf1 Kf6 41. Ke1 d2+ 42. Kxd2 Nc4+ 43. Kc3 Nxa3 44. Bxc6 Nb1+ 45. Kc2 Na3+ 46.
Kb3 Nb1 47. Ba4 Nd2+ 48. Kc2 Ne4 49. c6 Nd6 50. Kd3 Ke7 51. Kd4 Ke6 52. Bb3+
Ke7 53. Kd5 a6 54. Bc4 Nxc4 55. Kxc4 Kd6 56. b5 axb5+ 57. Kxb5 Ke6 58. Kc5 Ke7
59. Kd5 1-0

[Event "Moscow Chmp. b15 2016"]
[Site "ÐœÐ¾Ñ�ÐºÐ²Ð°"]
[Date "2016.11.17"]
[Round "6.30"]
[White "Khuranov, Aynar"]
[Black "Lutan, Gleb"]
[Result "1-0"]
[WhiteElo "1440"]
[BlackElo "1446"]
[PlyCount "23"]
[EventDate "2016.11.12"]

1. e4 c5 2. d3 d5 3. Nd2 Nf6 4. Ngf3 Bg4 5. g3 e6 6. Bg2 Nbd7 7. O-O Bd6 8. Re1
O-O 9. h3 Bxf3 10. Nxf3 dxe4 11. dxe4 Qc7 {íå ïîíÿòíî} 12. Qe2 1-0

[Event "Moscow Chmp. b15 2016"]
[Site "ÐœÐ¾Ñ�ÐºÐ²Ð°"]
[Date "2016.11.20"]
[Round "9.7"]
[White "Gagarin, Vasily"]
[Black "Lukyanenko, Artemiy"]
[Result "1-0"]
[WhiteElo "1913"]
[BlackElo "1686"]
[PlyCount "60"]
[EventDate "2016.11.12"]

1. e4 d6 2. d4 Nf6 3. Bd3 e6 4. Nf3 Be7 5. O-O O-O 6. c3 Nbd7 7. Nbd2 c6 8. Re1
e5 9. Nf1 Qc7 10. Qc2 Re8 11. a4 a5 12. h3 Nf8 13. b4 Ne6 14. dxe5 dxe5 15. Be3
Nf4 16. Bc4 Be6 17. Bxe6 Nxe6 18. Rab1 Nd7 19. N1d2 axb4 20. cxb4 {íå ïîíÿòíî}
Nd4 21. Qd1 b6 22. Bxd4 exd4 23. Qb3 Qa7 24. Ra1 c5 25. Nc4 Qc7 26. Rec1 Qc6
27. a5 bxa5 28. Nxa5 Qb6 29. Qd5 cxb4 30. Nc6 Nf6 1-0

[Event "Moscow Chmp. b15 2016"]
[Site "ÐœÐ¾Ñ�ÐºÐ²Ð°"]
[Date "2016.11.20"]
[Round "9.8"]
[White "Tadevosjan, Melis"]
[Black "Sekoyan, Vachagan"]
[Result "1/2-1/2"]
[WhiteElo "1828"]
[BlackElo "1655"]
[PlyCount "130"]
[EventDate "2016.11.12"]

1. d4 g6 2. e4 Bg7 3. Nc3 c6 4. Nf3 d6 5. h3 Nd7 6. Be2 Qc7 7. O-O e5 8. Be3
Ngf6 9. dxe5 dxe5 10. Nd2 O-O 11. Nc4 Nb6 12. Qd6 Qxd6 13. Nxd6 Rd8 14. Rfd1
Ne8 15. Nxc8 Raxc8 16. a4 Nd6 17. b3 c5 18. a5 Na8 19. Rd5 Nc7 20. Rxc5 Ne6 21.
Rxc8 Rxc8 22. Bd2 Nd4 23. Bd3 f5 24. f3 Kf7 25. Kf2 a6 26. Ne2 fxe4 27. fxe4
Nxc2 28. Rc1 Na3 29. Nc3 Ke6 30. Be2 Kf7 31. h4 Rc6 32. Bd3 Rc8 33. Ra1 Nab5
34. Nxb5 Nxb5 35. Bc4+ Ke8 36. Rf1 Rc7 37. Ke2 Nd4+ 38. Kd1 Rd7 39. Kc1 Rc7 40.
Kb2 Nb5 41. h5 Nd6 42. Bd5 gxh5 43. Rh1 Bf8 44. Rxh5 Rg7 45. Rxe5+ Be7 46. Bb4
Rxg2+ 47. Kc1 Kd7 48. Rh5 Rg7 49. Bxd6 Kxd6 50. Bxb7 Bg5+ 51. Kc2 Rc7+ 52. Kd3
Rxb7 53. Rxg5 Rxb3+ 54. Kc4 Rb7 55. Rh5 Re7 56. Kd4 Kc6 57. Rc5+ Kd7 58. Kd5 h5
59. e5 Re6 60. Rc4 Rh6 61. Rf4 Ke7 62. Rb4 h4 63. Rb7+ Kf8 64. e6 h3 65. Rb1 h2
1/2-1/2

[Event "Moscow Chmp. b15 2016"]
[Site "ÐœÐ¾Ñ�ÐºÐ²Ð°"]
[Date "2016.11.20"]
[Round "9.9"]
[White "Kretov, Leonid"]
[Black "Belikov, Semen"]
[Result "1/2-1/2"]
[WhiteElo "1789"]
[BlackElo "1750"]
[PlyCount "57"]
[EventDate "2016.11.12"]

1. d4 Nf6 2. Nf3 g6 3. Bf4 Bg7 4. Nbd2 O-O 5. e4 d6 6. Bd3 Nbd7 7. h3 c5 8. c3
cxd4 9. cxd4 e5 10. Be3 exd4 11. Bxd4 Ne5 12. Be2 Nxf3+ 13. Bxf3 Nd7 14. Bxg7
Kxg7 15. Nc4 Ne5 16. Nxe5 Qa5+ 17. Qd2 Qxd2+ 18. Kxd2 dxe5 19. Rhd1 Rd8+ 20.
Ke3 Be6 21. a3 Rxd1 22. Rxd1 Rc8 23. Kd2 Kf6 24. h4 h6 25. Rc1 Rxc1 26. Kxc1 a5
27. g3 Ke7 28. Kc2 Kd6 29. Kc3 1/2-1/2

[Event "Moscow Chmp. b15 2016"]
[Site "ÐœÐ¾Ñ�ÐºÐ²Ð°"]
[Date "2016.11.20"]
[Round "9.12"]
[White "Kuzmishin, Leonid"]
[Black "Abduraimov, Esmet"]
[Result "1-0"]
[WhiteElo "1733"]
[BlackElo "1687"]
[PlyCount "46"]
[EventDate "2016.11.12"]

1. Nf3 d5 2. c4 e6 3. b3 Nf6 4. Bb2 Be7 5. g3 O-O 6. Bg2 b6 7. O-O Bb7 8. d4
Nbd7 9. Nc3 c5 10. cxd5 Nxd5 11. Nxd5 Bxd5 12. Re1 Bb7 13. Qd3 cxd4 14. Bxd4
Nc5 15. Qe3 Bf6 16. Rad1 Qe7 17. Bxf6 Qxf6 18. b4 Na4 19. Ne5 Bxg2 20. Nd7 Qe7
21. Nxf8 Bc6 22. b5 Bxb5 23. Nxh7 Kxh7 {íå ïîíÿòíî} 1-0

[Event "Moscow Chmp. b15 2016"]
[Site "ÐœÐ¾Ñ�ÐºÐ²Ð°"]
[Date "2016.11.20"]
[Round "9.13"]
[White "Plaksin, Igor"]
[Black "Agabekov, Saveliy"]
[Result "0-1"]
[WhiteElo "1712"]
[BlackElo "1539"]
[PlyCount "54"]
[EventDate "2016.11.12"]

1. e4 d6 2. d4 Nf6 3. Nc3 Nbd7 4. Nf3 e5 5. Bc4 Be7 6. O-O O-O 7. Qe2 c6 8. a4
a5 9. h3 h6 10. Be3 Qc7 11. Rad1 exd4 12. Nxd4 Nc5 13. f3 Bd7 14. b3 Rfd8 15.
Bf4 Rac8 16. Rfe1 Nh5 17. Bh2 Bh4 18. Rf1 Bg3 19. f4 Bxh2+ 20. Kxh2 Nxf4 21.
Qf3 d5 22. Qxf4 Qxf4+ 23. Rxf4 dxc4 24. bxc4 Ne6 25. Nxe6 Bxe6 26. e5 Rxd1 27.
Nxd1 Rd8 {íå ïîíÿòíî} 0-1

[Event "Moscow Chmp. b15 2016"]
[Site "ÐœÐ¾Ñ�ÐºÐ²Ð°"]
[Date "2016.11.20"]
[Round "9.14"]
[White "Dmitriev, Leonid"]
[Black "Ivanov-Chernets, Kirill"]
[Result "1-0"]
[WhiteElo "1734"]
[BlackElo "1538"]
[PlyCount "49"]
[EventDate "2016.11.12"]

1. d4 Nf6 2. c4 e6 3. Nf3 c5 4. e3 g6 5. g3 Bg7 6. Bg2 O-O 7. O-O Nc6 8. a3 a6
9. dxc5 Qa5 10. b4 Qc7 11. Bb2 b5 12. Qe2 Bb7 13. Rd1 Rfb8 14. cxb5 axb5 15.
Nc3 Qc8 16. Qd2 Ba6 17. e4 Qc7 18. Qd3 Ra7 19. Rd2 Bh6 20. Re2 Bg7 21. h3 Nh5
22. Rd1 Ne5 23. Nxe5 Bxe5 24. Red2 Qc8 25. Qe3 1-0

[Event "Moscow Chmp. b15 2016"]
[Site "ÐœÐ¾Ñ�ÐºÐ²Ð°"]
[Date "2016.11.20"]
[Round "9.17"]
[White "Kozhukhov, Aleksandr"]
[Black "Sharapov, Mihail"]
[Result "0-1"]
[WhiteElo "1634"]
[BlackElo "1564"]
[PlyCount "44"]
[EventDate "2016.11.12"]

1. d4 d5 2. c4 dxc4 3. Nf3 Nf6 4. a4 e6 5. e3 c5 6. Bxc4 Be7 7. O-O O-O 8. Nc3
Nc6 9. dxc5 Bxc5 10. Qe2 b6 11. e4 h6 12. Bf4 Bb7 13. Rad1 Qe7 14. Rd2 Rfd8 15.
e5 Rxd2 16. Qxd2 Nd7 17. Rd1 Rd8 18. Qe2 Nf8 19. Nb5 Rxd1+ 20. Qxd1 Ng6 21. Bg3
Nb4 22. Nbd4 Nc6 {íå ïîíÿòíî} 0-1

[Event "Moscow Chmp. b15 2016"]
[Site "ÐœÐ¾Ñ�ÐºÐ²Ð°"]
[Date "2016.11.20"]
[Round "9.19"]
[White "Tsymbal, Evgeny"]
[Black "Gornostaev, Yakov"]
[Result "1-0"]
[WhiteElo "1626"]
[BlackElo "1496"]
[PlyCount "79"]
[EventDate "2016.11.12"]

1. e4 e6 2. d4 d5 3. Nc3 Bb4 4. e5 Ne7 5. Bd2 c5 6. Nb5 Bxd2+ 7. Qxd2 O-O 8.
Nd6 Nbc6 9. c3 f6 10. exf6 Qxd6 11. fxe7 Qxe7 12. dxc5 Qxc5 13. Nf3 a5 14. Rd1
b5 15. b3 Ba6 16. Be2 b4 17. Bxa6 Rxa6 18. cxb4 Qxb4 19. O-O Qxd2 20. Rxd2 a4
21. bxa4 Rxa4 22. Re1 Nb4 23. Ree2 Rfa8 24. Rxe6 Rxa2 25. Rxa2 Rxa2 26. h4 h6
27. Re3 Nc2 28. Rd3 Nb4 29. Rd4 Rb2 30. g3 Kf7 31. Ne5+ Ke6 32. Ng6 Nc6 33.
Nf4+ Kf5 34. Rxd5+ Kg4 35. Kg2 Ne7 36. Rd8 g5 37. hxg5 hxg5 38. Nd3 Nf5 39.
Ne5+ Kh5 40. g4+ 1-0

[Event "Moscow Chmp. b15 2016"]
[Site "ÐœÐ¾Ñ�ÐºÐ²Ð°"]
[Date "2016.11.20"]
[Round "9.22"]
[White "Ivanov, Egor"]
[Black "Morozov, Fedor"]
[Result "1-0"]
[WhiteElo "1354"]
[BlackElo "1536"]
[PlyCount "30"]
[EventDate "2016.11.12"]

1. d4 e6 2. Nf3 d5 3. Bf4 Nf6 4. c3 Bd6 5. Ne5 Nbd7 6. Nd2 c5 7. Nxf7 Kxf7 8.
Bxd6 cxd4 9. cxd4 Nb6 10. Be5 Bd7 11. e3 Rf8 12. Bd3 Kg8 13. O-O Be8 14. Bxf6
Rxf6 15. Nf3 Nd7 {íå ïîíÿòíî} 1-0

[Event "Moscow Chmp. b15 2016"]
[Site "ÐœÐ¾Ñ�ÐºÐ²Ð°"]
[Date "2016.11.20"]
[Round "9.24"]
[White "Ajrapetov, Andrey"]
[Black "Vinokur, Leonid"]
[Result "1/2-1/2"]
[WhiteElo "1499"]
[BlackElo "1594"]
[PlyCount "56"]
[EventDate "2016.11.12"]

1. d4 Nf6 2. c4 e6 3. Nc3 d5 4. cxd5 exd5 5. Bg5 Be7 6. e3 O-O 7. Bd3 c6 8.
Nge2 Nbd7 9. O-O Ne4 10. Bxe7 Qxe7 11. Bxe4 dxe4 12. d5 Nf6 13. d6 Qe5 14. Qc2
Bf5 15. Ng3 Bg6 16. Rad1 Rad8 17. Qa4 a6 18. Rd4 c5 19. Rd2 Rd7 20. Rd5 Qe6 21.
Rxc5 Rxd6 22. Nce2 Nd7 23. Rcc1 f5 24. Nf4 Qe5 25. Qb3+ Bf7 26. Qxb7 Bxa2 27.
Rc7 Bd5 28. Nxd5 Qxd5 {íå ïîíÿòíî} 1/2-1/2

[Event "Moscow Chmp. b15 2016"]
[Site "ÐœÐ¾Ñ�ÐºÐ²Ð°"]
[Date "2016.11.20"]
[Round "9.25"]
[White "Sorokin, Mikhael"]
[Black "Zhuk, Kirill"]
[Result "0-1"]
[WhiteElo "1398"]
[BlackElo "1548"]
[PlyCount "24"]
[EventDate "2016.11.12"]

1. d4 d5 2. c4 e6 3. Nc3 Nf6 4. Bf4 Bb4 5. a3 Bxc3+ 6. bxc3 dxc4 7. e3 Nd5 8.
Bxc4 Nxf4 9. exf4 Nd7 10. Nf3 Nb6 11. Bd3 Nd5 12. Qc1 e5 {íå ïîíÿòíî} 0-1

[Event "Moscow Chmp. b15 2016"]
[Site "ÐœÐ¾Ñ�ÐºÐ²Ð°"]
[Date "2016.11.20"]
[Round "9.26"]
[White "Nikulshin, Alexey"]
[Black "Smelykh, Edvin"]
[Result "1/2-1/2"]
[WhiteElo "1348"]
[BlackElo "1715"]
[PlyCount "84"]
[EventDate "2016.11.12"]

1. e4 c5 2. c3 d5 3. e5 d4 4. Bb5+ Nc6 5. Qe2 Qd5 6. Nf3 Bg4 7. O-O e6 8. Re1
Nge7 9. Qe4 Qxe4 10. Rxe4 Bf5 11. Re1 a6 12. Bxc6+ Nxc6 13. b3 Be7 14. Bb2 Rd8
15. Na3 b5 16. Rac1 dxc3 17. dxc3 Bg4 18. c4 b4 19. Nc2 Bxf3 20. gxf3 Bg5 21.
Rcd1 O-O 22. Ne3 Rxd1 23. Rxd1 Rd8 24. Rxd8+ Nxd8 25. Ng2 Bd2 26. Kf1 Nc6 27.
Ke2 Bg5 28. f4 Bd8 29. Kd3 Bc7 30. Ke4 g6 31. Bc1 Bd8 32. Be3 Be7 33. Ne1 Nd8
34. Nd3 Nb7 35. h3 Kf8 36. Kf3 Ke8 37. Ke2 Kd7 38. Kf3 Kc6 39. Ke2 a5 40. f3
Kb6 41. Nf2 a4 42. Kd3 a3 1/2-1/2

[Event "Moscow Chmp. b15 2016"]
[Site "ÐœÐ¾Ñ�ÐºÐ²Ð°"]
[Date "2016.11.20"]
[Round "9.27"]
[White "Nikolaev, Daniil"]
[Black "Presnyakov, Oleg"]
[Result "1/2-1/2"]
[WhiteElo "1705"]
[BlackElo "1370"]
[PlyCount "66"]
[EventDate "2016.11.12"]

1. e4 c5 2. Nf3 Nc6 3. d4 cxd4 4. Nxd4 g6 5. Be3 Nf6 6. Nc3 d6 7. Be2 Bg7 8.
Qd2 Bd7 9. f3 O-O 10. O-O a6 11. Nxc6 Bxc6 12. Nd5 Bxd5 13. exd5 Qd7 14. c4
Rac8 15. Bb6 e6 16. Rac1 exd5 17. cxd5 Qf5 18. Bc4 Nd7 19. Bd4 Be5 20. f4 Bxd4+
21. Qxd4 Rfe8 22. Rfe1 Nc5 23. b4 Re4 24. Qd2 Rxe1+ 25. Rxe1 Nd7 26. Bb3 Qf6
27. Qe3 Kf8 28. g3 Qf5 29. Qe7+ Kg8 30. Qe3 Kf8 31. Qe7+ Kg8 32. Qe3 Kf8 33.
Qe7+ Kg8 1/2-1/2

[Event "Moscow Chmp. b15 2016"]
[Site "ÐœÐ¾Ñ�ÐºÐ²Ð°"]
[Date "2016.11.20"]
[Round "9.29"]
[White "Ivanov, Ilya"]
[Black "Lutan, Gleb"]
[Result "0-1"]
[WhiteElo "1628"]
[BlackElo "1446"]
[PlyCount "37"]
[EventDate "2016.11.12"]

1. d4 Nf6 2. c4 e6 3. Nc3 Bb4 4. e3 O-O 5. Nf3 c5 6. Bd2 cxd4 7. exd4 d5 8. c5
Nc6 9. a3 Bxc3 10. Bxc3 b6 11. b4 bxc5 12. dxc5 a6 13. Be2 Re8 14. Ne5 Bb7 15.
Bxa6 Bxa6 16. Nxc6 Qc7 17. Ne5 Rad8 18. Qd4 Ne4 19. Bb2 {íå ïîíÿòíî} 0-1